000
00255nam a2200109Ia 4500
008
190914s9999||||xx |||||||||||||| ||und||
100
_a
Standish,Thomas
245
0
_a
Data Structures in Java
260
_a
India
_b
Addision
_c
2000
300
_a
538
942
_c
BK
999
_c
8611
_d
8611